000 01029nam a22002291 4500
001 180097
003 ES-MaACL
005 20230906221009.0
008 120417s1945 sp |||| | spa d
100 1 _aLacerda, Armando de.
_969353
245 1 0 _aComportamientos tonales vocálicos en español y portugués :
_btrabajo de investigación científica /
_cpor Armando de Lacerda y María Josefa Canellada.
260 _aMadrid :
_bConsejo Superior de Investigaciones Científicas, Patronato "Menéndez Pelayo", Instituto "Antonio de Nebrija",
_c1945 (
_fS. Aguirre, imp.)
300 _a271 p., 4 h., 8 gráf. ;
_c25 cm.
490 1 _aAnejos de la "Revista de filología española" ;
_v33
650 4 _aLengua española-
_xFonética.
_914160
650 4 _aLengua portuguesa-
_xFonética.
_9149793
700 1 _aCanellada, María Josefa.
_934479
710 2 _aInstituto Antonio de Nebrija.
_94795
830 1 _aAnejos de la "Revista de filología española" ;
_v33
_9191161
852 4 _aES-MaACL
_jE-15380
999 _c180097
_d180097